| 000 | 006130000a22001810004500 | ||
|---|---|---|---|
| 003 | MACL | ||
| 005 | 20160601140341.0 | ||
| 008 | 160601b xxu||||| |||| 00| 0 eng d | ||
| 040 |
_aMACL _cMACL |
||
| 041 | _aHindi | ||
| 082 | _a920 | ||
| 100 |
_aदेवसरे, हरिकृष्ण _919660 |
||
| 245 |
_a1857 के अमर सेनानी _bनाना साहब पेशवा _cहरिकृष्ण देवसरे |
||
| 260 |
_bप्रकाशन विभाग _c2008 _aदिल्ली |
||
| 350 | _a50 | ||
| 650 |
_aBiography _961323 |
||
| 942 |
_cHIN _k920/DEV _2ddc |
||
| 999 |
_c22058 _d22058 |
||